[Event "ch-European Rapid 2013"]
[Site "Warsaw POL"]
[Date "2013.12.15"]
[Round "8.8"]
[White "Tkachiev, Vladislav"]
[Black "Grigoryan, Karen H."]
[Result "1/2-1/2"]
[WhiteTitle "GM"]
[BlackTitle "GM"]
[WhiteElo "2637"]
[BlackElo "2604"]
[WhiteFideId "618438"]
[BlackFideId "13301004"]
[EventDate "2013.12.14"]

1. Nf3 Nf6 2. c4 g6 3. g3 Bg7 4. Bg2 O-O 5. d4 c6 6. Nc3 d5 7. cxd5 cxd5 8. Ne5
e6 9. O-O Nfd7 10. f4 Nc6 11. b3 f6 12. Nf3 Nb6 13. Ba3 Re8 14. Rc1 a6 15. Kh1
Ne7 16. e4 dxe4 17. Nxe4 Nf5 18. Re1 Nd5 19. Qd2 h5 20. Nc3 Nxc3 21. Rxc3 Bd7
22. d5 1/2-1/2

[Event "ch-European Rapid 2013"]
[Site "Warsaw POL"]
[Date "2013.12.15"]
[Round "8.9"]
[White "Socko, Monika"]
[Black "Azarov, Sergei"]
[Result "1/2-1/2"]
[WhiteTitle "GM"]
[BlackTitle "GM"]
[WhiteElo "2440"]
[BlackElo "2616"]
[WhiteFideId "1106619"]
[BlackFideId "13501470"]
[EventDate "2013.12.14"]

1. d4 Nf6 2. c4 e6 3. Nc3 Bb4 4. Qc2 O-O 5. a3 Bxc3+ 6. Qxc3 d5 7. Nf3 dxc4 8.
Qxc4 b6 9. Bg5 Ba6 10. Qc2 h6 11. Bh4 c5 12. Rd1 cxd4 13. Nxd4 Nbd7 14. e3 Rc8
15. Qb1 Bxf1 16. Kxf1 Qc7 17. Bg3 Qc4+ 18. Kg1 Nc5 19. h3 Nfe4 20. Kh2 Nxg3 21.
Kxg3 e5 22. b3 Qd5 23. Nf5 Ne4+ 24. Kh2 Qb7 25. Nd6 Nxd6 26. Rxd6 Rfd8 27. Rhd1
Rxd6 28. Rxd6 Qc7 29. Qf5 Qxd6 30. Qxc8+ Kh7 31. Qf5+ Kg8 32. Qc8+ Kh7 33. Qf5+
Kg8 1/2-1/2

[Event "ch-European Rapid 2013"]
[Site "Warsaw POL"]
[Date "2013.12.15"]
[Round "8.10"]
[White "Perunovic, Milos"]
[Black "Olszewski, Michal"]
[Result "0-1"]
[WhiteTitle "GM"]
[BlackTitle "GM"]
[WhiteElo "2622"]
[BlackElo "2551"]
[WhiteFideId "921629"]
[BlackFideId "1121251"]
[EventDate "2013.12.14"]

1. e4 c5 2. Nc3 d6 3. f4 Nc6 4. Nf3 g6 5. Bb5 Bg7 6. Bxc6+ bxc6 7. d3 Nh6 8. O-O
f5 9. e5 dxe5 10. Nxe5 Ng4 11. Nxg4 fxg4 12. Be3 Rb8 13. Na4 Bf5 14. Bxc5 Bd4+
15. Kh1 Bxc5 16. Nxc5 Qd4 17. Nb3 Qxb2 18. Qe2 O-O 19. Qf2 e5 20. Qc5 exf4 21.
Nd4 f3 22. gxf3 gxf3 23. Nxc6 Rbe8 24. Rab1 Qf6 25. Rxf3 Be4 26. Qc4+ Rf7 27.
Qxe4 Qxf3+ 28. Qxf3 Rxf3 29. Kg1 Rf6 30. Nd4 Ra6 31. Rb2 Rb6 32. Nb3 Re2 33. d4
Rf6 34. Nc5 Rff2 35. Ne4 Rg2+ 36. Kf1 Rxh2 37. Rb8+ Kg7 38. Ng5 Rxc2 39. Rb7+
Kh6 40. Nf7+ Kh5 41. Rb5+ Kh4 42. Kg1 Rhg2+ 43. Kh1 Rgf2 0-1

[Event "ch-European Rapid 2013"]
[Site "Warsaw POL"]
[Date "2013.12.15"]
[Round "8.11"]
[White "Berzinsh, Roland"]
[Black "Sargissian, Gabriel"]
[Result "1/2-1/2"]
[WhiteTitle "IM"]
[BlackTitle "GM"]
[WhiteElo "2421"]
[BlackElo "2675"]
[WhiteFideId "11600357"]
[BlackFideId "13300881"]
[EventDate "2013.12.14"]

1. e4 e5 2. Nf3 Nc6 3. Bc4 Bc5 4. c3 Nf6 5. d4 exd4 6. cxd4 Bb4+ 7. Bd2 Bxd2+ 8.
Nbxd2 d5 9. exd5 Nxd5 10. Qb3 Nce7 11. O-O O-O 12. Rfe1 c6 13. Ne4 Qb6 14. Nc3
Qxb3 15. Bxb3 Be6 16. Ng5 Bd7 17. Nge4 Rad8 18. Nxd5 Nxd5 19. Bxd5 cxd5 20. Nc5
Bc6 21. Re7 Rfe8 22. Rae1 Rxe7 23. Rxe7 Kf8 24. Rc7 Re8 25. f3 Re2 26. Nxb7 Bxb7
27. Rxb7 Rd2 28. a4 Rxd4 29. a5 a6 30. b4 g6 31. Kf2 Rd2+ 32. Ke3 Rxg2 1/2-1/2

[Event "ch-European Rapid 2013"]
[Site "Warsaw POL"]
[Date "2013.12.15"]
[Round "8.12"]
[White "Lysyj, Igor"]
[Black "Kantans, Toms"]
[Result "1-0"]
[WhiteTitle "GM"]
[BlackTitle "FM"]
[WhiteElo "2666"]
[BlackElo "2412"]
[WhiteFideId "4150120"]
[BlackFideId "11602945"]
[EventDate "2013.12.14"]

1. Nf3 Nf6 2. c4 g6 3. b3 Bg7 4. Bb2 O-O 5. g3 a5 6. Bg2 c6 7. O-O d5 8. d3 Re8
9. Qc2 Bg4 10. Nbd2 a4 11. h3 Bxf3 12. Nxf3 Nbd7 13. b4 a3 14. Bc3 e5 15. Rad1
Qe7 16. e4 b5 17. exd5 cxd5 18. Rfe1 Qd6 19. cxb5 Rec8 20. Qb3 Ne8 21. b6 Rcb8
22. b5 Nc5 23. Qc2 Rxb6 24. d4 e4 25. dxc5 Qxc5 26. Nd4 Rc8 27. Rc1 Nd6 28. Qd1
Qc4 29. Bf1 Qc5 30. Ba1 Nc4 31. Nb3 Qxb5 32. Bxg7 Kxg7 33. Qd4+ Kg8 34. Red1 e3
35. fxe3 Rbc6 36. Qxd5 Qb8 37. Rxc4 Qxg3+ 38. Qg2 Qxe3+ 39. Qf2 Qxf2+ 40. Kxf2
Rxc4 41. Bxc4 Rxc4 42. Nd4 Rc3 43. h4 Kg7 44. Rd2 Kh6 45. Nf3 Kh5 46. Kg3 h6 47.
Rd5+ f5 48. Ra5 Rd3 49. Kf4 Rc3 50. Ne5 Rc2 51. Rxa3 Rf2+ 52. Kg3 Re2 53. Nd3 g5
54. hxg5 hxg5 55. Kf3 Rc2 56. Ra8 Rc3 57. Ke2 f4 58. a4 Kg4 59. Nf2+ Kf5 60.
Ra5+ Ke6 61. Rxg5 Ra3 62. a5 Kd6 63. Ne4+ Kc6 64. Rc5+ Kd7 65. Kf2 Re3 66. Nc3
Rh3 67. Kg2 Rg3+ 68. Kf2 Rh3 69. Ne2 Kd6 70. Rf5 Kc6 71. Nd4+ Kb7 72. Rf6 Ra3
73. Rb6+ Ka8 74. Nc6 Ra2+ 75. Kf1 Ra1+ 76. Kf2 Ra2+ 77. Ke1 1-0

[Event "ch-European Rapid 2013"]
[Site "Warsaw POL"]
[Date "2013.12.15"]
[Round "8.13"]
[White "Krasenkow, Michal"]
[Black "Nasuta, Grzegorz"]
[Result "1-0"]
[WhiteTitle "GM"]
[BlackTitle "FM"]
[WhiteElo "2633"]
[BlackElo "2331"]
[WhiteFideId "1113100"]
[BlackFideId "1141686"]
[EventDate "2013.12.14"]

1. d4 Nf6 2. c4 g6 3. Nc3 d5 4. cxd5 Nxd5 5. e4 Nxc3 6. bxc3 Bg7 7. Bg5 c5 8.
Rc1 O-O 9. d5 Qa5 10. Qd2 e6 11. d6 Nd7 12. h4 f6 13. Be3 Ne5 14. Nf3 Nxf3+ 15.
gxf3 Rd8 16. e5 Qb6 17. h5 fxe5 18. hxg6 hxg6 19. Qc2 e4 20. Qxe4 Qxd6 21. Qxg6
Kf8 22. Bh6 Qe5+ 23. Be2 Bd7 24. f4 Be8 25. Qxe8+ 1-0

[Event "ch-European Rapid 2013"]
[Site "Warsaw POL"]
[Date "2013.12.15"]
[Round "8.14"]
[White "Snihur, Piotr"]
[Black "Dubov, Daniil"]
[Result "0-1"]
[BlackTitle "GM"]
[WhiteElo "2133"]
[BlackElo "2629"]
[WhiteFideId "1157191"]
[BlackFideId "24126055"]
[EventDate "2013.12.14"]

1. e4 c5 2. Nf3 d6 3. d4 cxd4 4. Nxd4 Nf6 5. Nc3 Nc6 6. Bc4 e6 7. Bb3 Be7 8. Be3
a6 9. Qe2 Nxd4 10. Bxd4 b5 11. a3 Bb7 12. f3 O-O 13. O-O Rc8 14. Rad1 Qc7 15.
Kh1 Bc6 16. Rfe1 Qb7 17. f4 a5 18. e5 dxe5 19. fxe5 Nd7 20. a4 bxa4 21. Bxa4
Bxa4 22. Nxa4 Rfd8 23. Bc3 Nf8 24. Rxd8 Rxd8 25. Rd1 Rxd1+ 26. Qxd1 Ng6 27. Qe2
h5 28. b3 Qd5 29. Nb6 Qc6 30. Nc4 a4 31. bxa4 Nf4 32. Qf1 Nxg2 33. Qxg2 Qxc4 34.
Qa8+ Bf8 35. Qf3 Qxa4 36. Qe2 Qc6+ 0-1

[Event "ch-European Rapid 2013"]
[Site "Warsaw POL"]
[Date "2013.12.15"]
[Round "8.15"]
[White "Dreev, Aleksey"]
[Black "Matuszewski, Michal"]
[Result "1-0"]
[WhiteTitle "GM"]
[BlackTitle "IM"]
[WhiteElo "2673"]
[BlackElo "2408"]
[WhiteFideId "4100107"]
[BlackFideId "1129775"]
[EventDate "2013.12.14"]

1. d4 d5 2. c4 c6 3. Nf3 e6 4. Qc2 Nf6 5. g3 dxc4 6. Qxc4 b5 7. Qc2 Bb7 8. Bg2
Nbd7 9. Bg5 Be7 10. Nbd2 Rc8 11. Ne5 h6 12. Bxf6 Bxf6 13. f4 O-O 14. Ne4 Nxe5
15. Nxf6+ gxf6 16. dxe5 fxe5 17. O-O Qb6+ 18. Kh1 c5 19. fxe5 Bxg2+ 20. Kxg2
Qc6+ 21. e4 Rcd8 22. Rf4 Rd4 23. Rg4+ Kh7 24. Rf1 Qc7 25. Rf6 Qxe5 26. Qf2 Rd2
27. Rxh6+ Kxh6 28. Qxd2+ Kh7 29. Rh4+ Kg8 30. Rg4+ Kh7 31. Kh3 Qf6 32. Rf4 Qg6
33. Qc3 f6 34. Qxc5 Kg7 35. Qxa7+ Rf7 36. Qc5 Kg8 37. Qc8+ 1-0

[Event "ch-European Rapid 2013"]
[Site "Warsaw POL"]
[Date "2013.12.15"]
[Round "8.17"]
[White "Petrosian, Tigran L."]
[Black "Klekowski, Maciej"]
[Result "1-0"]
[WhiteTitle "GM"]
[WhiteElo "2648"]
[BlackElo "2402"]
[WhiteFideId "13301616"]
[BlackFideId "1132717"]
[EventDate "2013.12.14"]

1. Nf3 c5 2. e4 Nc6 3. Nc3 Nf6 4. Bb5 Qc7 5. d3 e6 6. O-O Be7 7. Re1 O-O 8. e5
Ne8 9. Bf4 a6 10. Bxc6 Qxc6 11. d4 Nc7 12. dxc5 Qxc5 13. Qd3 h6 14. Ne4 Qd5 15.
Qe3 Kh7 16. c4 Qa5 17. a3 Ne8 18. b4 Qd8 19. Rad1 f5 20. exf6 Bxf6 21. Nc5 Qe7
22. Na4 d6 23. Nb6 Rb8 24. Qd3+ Kg8 25. c5 Bd7 26. Bxd6 Nxd6 27. Qxd6 Qxd6 28.
Rxd6 Bc6 29. Ne5 Bxe5 30. Rxe5 Rbe8 31. f3 Rf5 32. Rexe6 Re5 33. Rxe8+ Rxe8 34.
Kf2 Bb5 35. Rd2 g5 36. Nd5 Re5 37. g4 Kf7 38. Nc3 1-0

[Event "ch-European Rapid 2013"]
[Site "Warsaw POL"]
[Date "2013.12.15"]
[Round "8.20"]
[White "Przybylski, Wojciech"]
[Black "Neiksans, Arturs"]
[Result "1/2-1/2"]
[WhiteTitle "FM"]
[BlackTitle "GM"]
[WhiteElo "2342"]
[BlackElo "2560"]
[WhiteFideId "1117599"]
[BlackFideId "11601388"]
[EventDate "2013.12.14"]

1. e4 c5 2. Nf3 e6 3. b3 b6 4. c4 Bb7 5. Nc3 Nc6 6. h3 g6 7. Bb2 Bg7 8. Qc1 Nge7
9. Nb5 O-O 10. Bxg7 Kxg7 11. Qb2+ f6 12. Nd6 Qc7 13. Nxb7 Qxb7 14. O-O-O e5 15.
h4 h5 16. Rg1 Rh8 17. g4 hxg4 18. Rxg4 Kf7 19. Bd3 d6 20. Rdg1 Nd8 21. Bc2 Ne6
22. Qc3 Rh6 23. Qe3 Rah8 24. Kb2 Qd7 25. Bd1 Nc6 26. Ne1 Nf4 27. Nd3 Nxd3+ 28.
Qxd3 Nd4 29. Qg3 g5 30. hxg5 Rh3 31. Qg2 Rh2 32. Qf1 f5 33. g6+ Kg7 34. exf5
Qxf5 35. R4g2 Qf4 36. Qd3 R8h3 37. f3 Rxg2 38. Rxg2 Rh1 39. Bc2 Qxf3 40. Qxf3
Nxf3 41. Rf2 Rh3 42. a3 Rg3 43. b4 Ng5 44. Rf5 Rg2 45. Kc1 Rg4 46. Kb2 Rg2 47.
Kc1 Rg3 48. Kb2 Rg4 49. Kc3 Rg3+ 50. Kb2 Rg2 51. Kc1 a5 52. bxa5 bxa5 53. Rf1
Rg4 54. Rf5 Rg3 55. Kb2 Rg2 56. Kc3 Rg4 57. Kb2 Rg3 58. Rf2 e4 59. Rf5 Kxg6 60.
Rd5 Nf7 61. Bxe4+ Kf6 62. d3 a4 63. Rh5 Re3 64. Kc3 Re1 65. Bc6 Rc1+ 66. Kb2 Rd1
67. Kc2 Ra1 68. Kb2 Rd1 69. Rh3 Rd2+ 70. Kb1 Ne5 71. Bxa4 Nxd3 72. Bc2 Ne5 73.
Rc3 Nc6 74. Kc1 Rd4 75. Bd3 Ke5 76. Be2 Na5 77. Kc2 Re4 78. Kd2 Rd4+ 79. Kc2 Ke6
80. Bf1 Kd7 81. Be2 Kc7 82. Kc1 Rf4 83. Kd2 Kb6 84. Ke3 Rd4 85. Rc1 Nc6 86. Rd1
Rxd1 87. Bxd1 Na5 88. Kd3 Kc7 89. Ba4 Kd8 90. Bd1 Ke7 91. a4 Kd7 92. Be2 Nc6 93.
Ke4 Nb4 94. Kf5 Kc7 95. Ke6 Nc6 96. Bf1 Nd4+ 97. Kd5 Nc2 98. Be2 Nd4 99. Bd3 Nc6
100. Bf1 Ne5 101. a5 Nc6 102. a6 Nb4+ 103. Ke6 Nxa6 104. Be2 Nb4 105. Bf1 Nc6
106. Kd5 Nd4 107. Bd3 Kd7 108. Bf1 Ke7 109. Bd3 Ne6 110. Bf5 Nc7+ 111. Kc6 Na6
112. Bh3 Nb4+ 113. Kc7 Nc2 114. Kc6 Ne3 115. Kb5 Kf6 116. Bd7 Ke5 117. Be8 Kd4
118. Bf7 Nc2 119. Kc6 Ke5 120. Bg8 Ne3 121. Kc7 Nf5 122. Kd7 Ng7 123. Bf7 Nf5
124. Bg8 Ng3 125. Bf7 Ne4 126. Kc6 Ng5 127. Bg8 Ne6 128. Kd7 Nd4 129. Bf7 Nb3
130. Kc6 Nd2 131. Bg8 Ne4 132. Bf7 Kd4 133. Bg8 Ke5 134. Bf7 Nc3 135. Bg8 Na2
136. Bf7 Nb4+ 137. Kd7 Nc2 138. Kc6 Ne3 139. Bg8 Kd4 140. Kb5 Nc2 141. Kc6 Na3
142. Kxd6 Nxc4+ 143. Kc6 Ne3 144. Be6 Nc2 145. Kd6 Na3 146. Bg8 Nc4+ 147. Kc6
Nd2 148. Kd6 Ne4+ 149. Kc6 Ng3 150. Be6 Nh5 151. Bg8 Nf6 152. Bf7 Ng4 153. Bg8
Ne5+ 154. Kd6 Nd3 155. Bf7 Nb2 156. Bg8 Na4 157. Kc6 Nb2 158. Kd6 Nd3 159. Kc6
Kc3 160. Be6 Kb4 161. Bg8 Ne5+ 162. Kd6 Ng6 163. Bf7 Nf4 164. Kc6 Ne2 165. Bg8
Nd4+ 166. Kb6 Nf5 167. Be6 Ne7 168. Bf7 Nc8+ 169. Kc6 Na7+ 170. Kb6 Nb5 171. Bg8
Nd6 172. Kc6 Nc4 173. Be6 Nd2 174. Bf7 Ne4 175. Bd5 Ng3 176. Be6 Ne2 177. Bg8
Nd4+ 178. Kb6 Nf3 179. Kc6 Ne5+ 180. Kb6 Nd3 181. Kc6 Kc3 182. Kd6 Kd4 183. Bf7
c4 184. Bxc4 Kxc4 1/2-1/2

[Event "ch-European Rapid 2013"]
[Site "Warsaw POL"]
[Date "2013.12.15"]
[Round "8.21"]
[White "Antipov, Mikhail Al."]
[Black "Korchmar, Vasiliy"]
[Result "1-0"]
[WhiteTitle "GM"]
[BlackTitle "FM"]
[WhiteElo "2511"]
[BlackElo "2347"]
[WhiteFideId "4107012"]
[BlackFideId "24131750"]
[EventDate "2013.12.14"]

1. e4 e5 2. Nf3 Nc6 3. Bb5 Nf6 4. d3 Bc5 5. O-O d6 6. h3 O-O 7. c3 Ne7 8. d4 Bb6
9. Re1 Ng6 10. Nbd2 c6 11. Bf1 Re8 12. Qc2 Be6 13. dxe5 dxe5 14. Nc4 Bc7 15. Be3
Qe7 16. b4 b6 17. a4 Nh5 18. Bg5 f6 19. Bc1 Nhf4 20. Ne3 Qf7 21. Nf5 Ne7 22. g3
Qh5 23. Nxe7+ Rxe7 24. gxf4 Qxf3 25. f5 Bf7 26. Re3 Qh5 27. Be2 Qh4 28. Rg3 Bh5
29. Kh2 Kh8 30. Bxh5 Qxh5 31. Be3 Rd8 32. a5 Red7 33. a6 Rd1 34. Rxd1 Qxd1 35.
Qa2 Qd7 36. Rg1 Qe8 37. Qb3 Qg8 38. c4 Qf7 39. Rd1 Qe7 40. Rxd8+ Qxd8 41. c5
bxc5 42. Bxc5 Bb6 43. Qe6 h6 44. Qxc6 Bxc5 45. Qxc5 Qd2 46. Kg2 Qg5+ 47. Kf1 Qh5
48. Qxa7 Qxh3+ 49. Ke2 Qg4+ 50. f3 1-0

[Event "ch-European Rapid 2013"]
[Site "Warsaw POL"]
[Date "2013.12.15"]
[Round "8.22"]
[White "Mista, Aleksander"]
[Black "Paprocki, Jaroslaw"]
[Result "1-0"]
[WhiteTitle "GM"]
[WhiteElo "2583"]
[BlackElo "2199"]
[WhiteFideId "1110381"]
[BlackFideId "1122274"]
[EventDate "2013.12.14"]

1. e4 e5 2. Nf3 Nc6 3. Bb5 Bc5 4. c3 Nf6 5. d3 O-O 6. O-O d6 7. h3 a6 8. Ba4 Ba7
9. Be3 Ne7 10. Nbd2 Ng6 11. d4 Qe7 12. Re1 Rd8 13. Bb3 Be6 14. Qc2 Nh5 15. Nf1
Ngf4 16. Kh2 Qf6 17. Ng3 h6 18. Nf5 exd4 19. cxd4 d5 20. g4 dxe4 21. Qxe4 Nd5
22. Nxh6+ gxh6 23. gxh5 c6 24. Rg1+ Kh8 25. Bc2 Bb8+ 26. Ne5 Bxe5+ 27. dxe5 Bf5
28. Qxf5 Qxf5 29. Bxf5 Nxe3 30. fxe3 Rd2+ 31. Rg2 Rad8 32. Rg1 Rxg2+ 33. Rxg2
Re8 34. Kg3 Rxe5 35. Kf4 Ra5 36. a3 Rb5 37. e4 a5 38. e5 a4 39. Be4 Rb3 40. Kf5
Re3 41. Rg4 Rxh3 42. Kf6 Rh2 43. Kxf7 Rf2+ 44. Ke8 Rxb2 45. e6 Rh2 46. e7 c5 47.
Kf7 Rf2+ 48. Ke6 1-0

[Event "ch-European Rapid 2013"]
[Site "Warsaw POL"]
[Date "2013.12.15"]
[Round "8.23"]
[White "Tregubov, Vadim"]
[Black "Dziuba, Marcin"]
[Result "1-0"]
[BlackTitle "GM"]
[WhiteElo "2371"]
[BlackElo "2576"]
[WhiteFideId "14119595"]
[BlackFideId "1112953"]
[EventDate "2013.12.14"]

1. e4 c5 2. Nf3 d6 3. d4 cxd4 4. Nxd4 Nf6 5. Nc3 a6 6. Bg5 e6 7. f4 h6 8. Bh4
Qb6 9. Qd2 Qxb2 10. Rb1 Qa3 11. f5 Qa5 12. fxe6 fxe6 13. Bc4 e5 14. Ne6 b5 15.
Bxf6 gxf6 16. Bd5 Ra7 17. O-O Bxe6 18. Bxe6 Rc7 19. Rb3 Nc6 20. Qf2 Be7 21. Nd5
Nd4 22. Nxe7 Nxe6 23. Nd5 Rf7 24. Qf5 Nc5 25. Qg6 Rf8 26. Rbf3 Nd7 27. Rc3 Kd8
28. Rc6 Qa3 29. Kh1 Nb8 30. Rc3 Qa5 31. Qxh6 Qxa2 32. Qh3 Nd7 33. Qe6 b4 34.
Qxd6 Qa5 35. Rc6 f5 36. Rb6 Ke8 37. Nc7+ Kd8 38. Ne6+ Ke8 39. Rc6 Re7 40. Rc8+
Kf7 41. Nxf8 Nf6 42. exf5 Qb5 43. Rg1 e4 44. Ng6 1-0

[Event "ch-European Rapid 2013"]
[Site "Warsaw POL"]
[Date "2013.12.15"]
[Round "8.25"]
[White "Pinski, Jan"]
[Black "Kovalev, Vladislav"]
[Result "1-0"]
[WhiteTitle "IM"]
[BlackTitle "GM"]
[WhiteElo "2342"]
[BlackElo "2574"]
[WhiteFideId "1108441"]
[BlackFideId "13504398"]
[EventDate "2013.12.14"]

1. e4 e5 2. Nf3 Nc6 3. Nc3 Nf6 4. a3 Bc5 5. Bc4 a6 6. d3 d6 7. Be3 h6 8. h3 O-O
9. O-O Be6 10. b4 Ba7 11. Bxa7 Rxa7 12. Bxe6 fxe6 13. d4 exd4 14. Nxd4 Qd7 15.
f4 Raa8 16. f5 Nxd4 17. Qxd4 Rae8 18. Rad1 Qc6 19. a4 b5 20. axb5 axb5 21. Rde1
exf5 22. exf5 Rxe1 23. Rxe1 Ra8 24. Re3 Qc4 25. Qxc4+ bxc4 26. Kf2 Kf7 27. Ke2
Rb8 28. b5 d5 29. Re5 Rd8 30. g4 d4 31. Ne4 Nd5 32. h4 Ne3 33. Rc5 Rd7 34. g5
hxg5 35. hxg5 Re7 36. g6+ Kf8 37. Kf3 Nxc2 38. Rxc4 Ne1+ 39. Kf4 Nd3+ 40. Kg5
Rxe4 41. Rxc7 Ne5 42. f6 Nf3+ 43. Kf5 Re8 44. Rf7+ Kg8 45. Rxg7+ Kf8 46. Rh7
Re5+ 47. Kf4 Kg8 48. f7+ Kf8 49. Rh8+ 1-0

[Event "ch-European Rapid 2013"]
[Site "Warsaw POL"]
[Date "2013.12.15"]
[Round "8.26"]
[White "Kuzmicz, Krystian"]
[Black "Minko, Vladimir"]
[Result "1/2-1/2"]
[WhiteTitle "IM"]
[BlackTitle "FM"]
[WhiteElo "2451"]
[BlackElo "2327"]
[WhiteFideId "1119125"]
[BlackFideId "24146706"]
[EventDate "2013.12.14"]

1. g3 d5 2. Bg2 c5 3. c4 d4 4. d3 Nf6 5. f4 g6 6. Nf3 Bg7 7. O-O O-O 8. Na3 Nc6
9. Nc2 Qc7 10. Rb1 a5 11. e4 dxe3 12. Bxe3 b6 13. Kh1 Bf5 14. Qe2 Rad8 15. Rbd1
Rfe8 16. Nh4 Bg4 17. Bf3 Bxf3+ 18. Nxf3 Ng4 19. Ng5 Nxe3 20. Nxe3 Nd4 21. Qg2 e6
22. Ne4 Rd7 23. g4 f5 24. Ng3 Qc6 25. gxf5 Qxg2+ 26. Kxg2 Nxf5 27. Ngxf5 gxf5
28. Kf3 Bxb2 29. Rb1 Bf6 30. Ke2 Rd6 31. a4 Kf7 32. Rf3 h5 33. Rg1 h4 34. h3
Red8 35. Nc2 Rg8 36. Rxg8 Kxg8 37. Rf1 Kf7 38. Rb1 Bg7 39. Ne1 e5 40. Nf3 exf4
41. Nxh4 Re6+ 42. Kf3 Re3+ 43. Kxf4 Bh6+ 44. Kxf5 Rxh3 45. Kg4 Rxd3 46. Nf5 Bd2
47. Rxb6 Ra3 48. Nd6+ Ke7 49. Ne4 Bb4 50. Kf5 Kd7 51. Nf6+ Kc8 52. Nd5 Rxa4 53.
Ke6 Ra1 54. Kd6 Rd1 55. Kc6 Re1 56. Kd6 Rd1 57. Kc6 Re1 58. Kd6 Rd1 59. Kc6 Re1
60. Kd6 Rd1 1/2-1/2

[Event "ch-European Rapid 2013"]
[Site "Warsaw POL"]
[Date "2013.12.15"]
[Round "8.27"]
[White "Lapaj, Mateusz"]
[Black "Shkapenko, Pavel"]
[Result "0-1"]
[BlackTitle "IM"]
[WhiteElo "2031"]
[BlackElo "2406"]
[WhiteFideId "1170805"]
[BlackFideId "4151933"]
[EventDate "2013.12.14"]

1. e4 Nf6 2. Nc3 e5 3. Bc4 Nxe4 4. Qh5 Nd6 5. Bb3 Nc6 6. Nb5 g6 7. Qf3 f5 8. Qd5
Qe7 9. Nxc7+ Kd8 10. Nxa8 b6 11. Qf3 Bb7 12. Ne2 Nd4 13. Qh3 Nxe2 14. Kxe2 Bxa8
15. Re1 f4 16. Kf1 f3 17. d4 fxg2+ 18. Kg1 e4 19. Qxg2 Bg7 20. Bg5 Bf6 21. Bxf6
Qxf6 22. d5 Re8 23. c4 Re5 24. Kf1 Bb7 25. Rac1 Ba6 26. Re2 b5 27. c5 Nf5 28.
Rxe4 Nh4 29. Rxh4 Qxh4 30. Qf3 b4+ 31. Kg2 Be2 32. Qf8+ Re8 33. Qd6 Qg5+ 34. Qg3
Qxc1 35. Qb8+ Ke7 36. Qe5+ Kf7 37. d6+ Bc4 0-1

[Event "ch-European Rapid 2013"]
[Site "Warsaw POL"]
[Date "2013.12.15"]
[Round "8.28"]
[White "Ulanowski, Karol"]
[Black "Golubka, Petr"]
[Result "0-1"]
[BlackTitle "IM"]
[WhiteElo "2144"]
[BlackElo "2385"]
[WhiteFideId "1108964"]
[BlackFideId "14114224"]
[EventDate "2013.12.14"]

1. e4 c5 2. Nf3 d6 3. d4 cxd4 4. Nxd4 Nf6 5. Nc3 a6 6. Bg5 e6 7. Qf3 Nbd7 8.
O-O-O h6 9. Be3 Qc7 10. Qg3 b5 11. a3 Rb8 12. f3 b4 13. axb4 Rxb4 14. Nb3 g6 15.
Be2 Be7 16. h4 Ne5 17. Rd4 Rc4 18. Rhd1 Rxc3 19. bxc3 d5 20. Qe1 dxe4 21. fxe4
Nfg4 22. Bf4 Nd3+ 23. R1xd3 Qxf4+ 24. Kb2 Ne5 25. Rd1 Qxh4 26. Qf1 O-O 27. Bxa6
Bxa6 28. Qxa6 Bf6 29. Qe2 Rc8 30. Rf1 Kg7 31. Qa6 Rf8 32. Qd6 Qg5 33. Rb4 Rc8
34. Kb1 Qxg2 35. Rxf6 Kxf6 36. Qd4 Qf1+ 37. Nc1 Ra8 38. Kb2 Qa6 39. Nb3 Qa7 40.
Rb6 Qxb6 0-1

[Event "ch-European Rapid 2013"]
[Site "Warsaw POL"]
[Date "2013.12.15"]
[Round "8.29"]
[White "Meskovs, Nikita"]
[Black "Szewczyk, Mariusz2"]
[Result "1-0"]
[WhiteTitle "FM"]
[WhiteElo "2431"]
[BlackElo "1997"]
[WhiteFideId "11602740"]
[BlackFideId "1147579"]
[EventDate "2013.12.14"]

1. d4 Nf6 2. c4 e6 3. Nc3 Bb4 4. e3 O-O 5. Bd3 Bxc3+ 6. bxc3 d6 7. Ne2 b6 8. Ng3
c5 9. O-O e5 10. f4 exf4 11. Rxf4 Nc6 12. Bd2 Ba6 13. Qe2 Na5 14. Raf1 Ne8 15.
Nf5 Bc8 16. Qf3 Bxf5 17. Rxf5 Nf6 18. Qg3 Ne8 19. Qf3 Nf6 20. Qh3 Qd7 21. g4 h6
22. Rxf6 gxf6 23. Bf5 Qc7 24. Qxh6 Rfe8 25. Rf3 1-0

[Event "ch-European Rapid 2013"]
[Site "Warsaw POL"]
[Date "2013.12.15"]
[Round "8.30"]
[White "Bednarek, Sylwester"]
[Black "Miton, Kamil"]
[Result "1-0"]
[WhiteTitle "FM"]
[BlackTitle "GM"]
[WhiteElo "2311"]
[BlackElo "2591"]
[WhiteFideId "1101811"]
[BlackFideId "1111914"]
[EventDate "2013.12.14"]

1. d4 f5 2. g3 Nf6 3. Bg2 g6 4. c3 Bg7 5. Qb3 d5 6. Nh3 O-O 7. Nf4 e6 8. h4 Ng4
9. Nd2 Nc6 10. Nf3 Bf6 11. Ng5 Re8 12. Ngxe6 Qd6 13. Qxd5 Bxe6 14. Qxd6 cxd6 15.
Nxe6 Rxe6 16. d5 Re7 17. dxc6 bxc6 18. Bxc6 Rc8 19. Bd5+ Kg7 20. Bf4 Rxc3 21.
Bb3 Rc6 22. Rb1 Bd4 23. e3 Be5 24. Ke2 Bxf4 25. gxf4 Nf6 26. Rbc1 Rec7 27. Rxc6
Rxc6 28. Rd1 Kh6 29. f3 Kh5 30. Kf2 Rb6 31. Kg3 Rc6 32. Rd4 Rb6 33. e4 Kh6 34.
e5 Nh5+ 35. Kf2 dxe5 36. fxe5 Rb7 37. f4 Ng7 38. e6 Re7 39. Rd7 Re8 40. e7 1-0

[Event "ch-European Rapid 2013"]
[Site "Warsaw POL"]
[Date "2013.12.15"]
[Round "8.31"]
[White "Andriasian, Zaven"]
[Black "Nuri, Kambez"]
[Result "1-0"]
[WhiteTitle "GM"]
[BlackTitle "FM"]
[WhiteElo "2610"]
[BlackElo "2308"]
[WhiteFideId "13302000"]
[BlackFideId "1311433"]
[EventDate "2013.12.14"]

1. e4 c5 2. Nf3 d6 3. d4 cxd4 4. Nxd4 Nf6 5. Nc3 Nc6 6. Bg5 e6 7. Qd2 a6 8.
O-O-O Bd7 9. f3 h6 10. Be3 b5 11. Kb1 Qc7 12. h4 Ne5 13. Bd3 b4 14. Nce2 d5 15.
exd5 Nxd5 16. Nf4 Nxe3 17. Qxe3 Be7 18. g4 Rc8 19. g5 hxg5 20. hxg5 Rxh1 21.
Rxh1 Nxd3 22. Rh8+ Bf8 23. Nxd3 g6 24. Nxb4 Qd6 25. a3 Bb5 26. Qe4 Bc4 27. Qb7
Qc7 28. Qxc7 Rxc7 29. b3 Bf1 30. Rh1 Bg2 31. Rh2 a5 32. Rxg2 axb4 33. axb4 Bxb4
34. c4 Rd7 35. Nc6 Bd2 36. Kc2 Bf4 37. b4 Rd6 38. b5 Kd7 39. Rg4 e5 40. Rg2 Kc7
41. Nb4 Rd4 42. Kc3 Kb6 43. Ra2 Kc5 44. Nd3+ 1-0

[Event "ch-European Rapid 2013"]
[Site "Warsaw POL"]
[Date "2013.12.15"]
[Round "8.32"]
[White "Lach, Aleksandra"]
[Black "Gritsak, Orest"]
[Result "0-1"]
[WhiteTitle "WFM"]
[BlackTitle "GM"]
[WhiteElo "2161"]
[BlackElo "2516"]
[WhiteFideId "1134299"]
[BlackFideId "14102188"]
[EventDate "2013.12.14"]

1. e4 c5 2. Nf3 e6 3. d4 cxd4 4. Nxd4 a6 5. Bd3 Bc5 6. Nb3 Ba7 7. Qe2 Nc6 8. c3
d6 9. Be3 Bxe3 10. Qxe3 Nf6 11. N1d2 O-O 12. O-O e5 13. Rad1 b5 14. Nf3 Qe7 15.
Nc1 h6 16. h3 Be6 17. b3 Qa7 18. Ne2 Qxe3 19. fxe3 Rac8 20. Kf2 Rfd8 21. g4 g6
22. g5 Nh7 23. h4 h5 24. Rg1 Nf8 25. Nd2 Nd7 26. Nc1 Nc5 27. Be2 Nb8 28. Rde1
Nbd7 29. Kf3 Kf8 30. c4 b4 31. Nd3 a5 32. Nf2 Ke7 33. Nh1 a4 34. Ng3 Ra8 35. Ra1
Rdb8 36. Kf2 Ra7 37. Bd1 axb3 38. Bxb3 Rba8 39. Rae1 Nd3+ 40. Kf1 Nxe1 41. Kxe1
Nc5 42. Ne2 Rxa2 43. Bxa2 Rxa2 44. Nc1 Ra1 45. Kf2 Rxc1 46. Rxc1 Nd3+ 0-1